KOHA-Header-6

Managing Human Resources (Record no. 2861)

000 -LEADER
fixed length control field 00292nam a2200121Ia 4500
008 - FIXED-LENGTH DATA ELEMENTS--GENERAL INFORMATION
fixed length control field 190902s9999||||xx |||||||||||||| ||und||
020 ## - INTERNATIONAL STANDARD BOOK NUMBER
International Standard Book Number 0-412-57330-X
100 ## - MAIN ENTRY--PERSONAL NAME
Personal name Wayne F. Cascio
245 #0 - TITLE STATEMENT
Title Managing Human Resources
260 ## - PUBLICATION, DISTRIBUTION, ETC. (IMPRINT)
Place of publication, distribution, etc London
Name of publisher, distributor, etc Prentice Hall
Date of publication, distribution, etc 1998
300 ## - PHYSICAL DESCRIPTION
Extent 720
942 ## - ADDED ENTRY ELEMENTS (KOHA)
Koha item type Books
Holdings
Withdrawn status Lost status Damaged status Not for loan Collection code Permanent Location Current Location Shelving location Date acquired Barcode Date last seen Price effective from Koha item type
        Management MAJU MAJU   2019-09-02 6528 2019-09-02 2019-09-02 Management

Powered by Koha